Biographical studies in the Bible. (Record no. 3411)

000 -LEADER
fixed length control field 00533nam a2200181 a 4500
001 - CONTROL NUMBER
control field :::00001141$&:&@@
003 - CONTROL NUMBER IDENTIFIER
control field OkBaRHE
005 - DATE AND TIME OF LATEST TRANSACTION
control field 20000607103241.0
008 - FIXED-LENGTH DATA ELEMENTS--GENERAL INFORMATION
fixed length control field s1906 j 000 0 eng u
040 ## - CATALOGING SOURCE
Transcribing agency
100 1# - MAIN ENTRY--PERSONAL NAME
Personal name Strong, Sydney,
245 10 - TITLE STATEMENT
Title Biographical studies in the Bible.
260 ## - PUBLICATION, DISTRIBUTION, ETC. (IMPRINT)
Place of publication, distribution, etc Boston, MA.,
Name of publisher, distributor, etc Hope Publishing Company
Date of publication, distribution, etc c1906
300 ## - PHYSICAL DESCRIPTION
Extent 183 p. ;
Dimensions 19 cm.
650 ## - SUBJECT ADDED ENTRY--TOPICAL TERM
Topical term or geographic name as entry element Bible Stories
942 ## - ADDED ENTRY ELEMENTS (KOHA)
Source of classification or shelving scheme
Koha item type Books
Copies
Barcode Damaged status Full call number Koha item type Lost status Date last seen Not for loan Withdrawn status Shelving location Date acquired Price effective from Copy number Permanent Location Source of classification or shelving scheme
1141 BS 550 .S7Books 2018-02-16  General Stacks2010-04-142010-04-141RHEMA Bible Training College